000 00652nam a2200289Ia 4500
008 210210b2001 xxu||||| |||| 00| 0 eng d
020 _a9780879698140
041 _aeng
082 _a574.88028 SAMM
100 _aSAMBROOK (Joseph)
245 _aMolecular cloning: a laboratory manual Vol 3 Ed 3
250 _a
260 _aNew York
_b-
_c2001
300 _axxvii,707
440 _a3
650 _aVol
650 _aMolecular
650 _amanual
650 _alaboratory
650 _aEd
650 _acloning:
650 _aa
650 _a3
690 _aMolecular Biology
700 _aRUSSELL (David W)
906 _a064229
999 _c140401
_d140401